Emoji Quiz #12 - Statistics

General Stats
  • This quiz has been taken 8 times
  • The average score is 14 of 25
Answer Stats
Hint Answer % Correct
👨 {man}
100%
👩 {woman}
100%
👶 {baby}
71%
👦 {boy}
71%
👧 {girl}
71%
👼 baby {angel}
57%
🕵️ {detective}
57%
👴 old {man}
57%
👵 old {woman}
57%
🧑‍🦲 person: {bald}
57%
👱 person: {blond} hair
57%
🧑‍🦱 person: {curly} hair
57%
🧑‍🦰 person: {red} hair
57%
🧑‍🦳 person: {white} hair
57%
🫅 person with {crown}
57%
🤴 {prince}
57%
👸 {princess}
57%
🎅 {Santa} {Claus}
57%
🧑 {person}
43%
🧔 person: {beard}
43%
👮 {police} {officer}
43%
🧒 {child}
29%
🤶 {Mrs}. {Claus}
29%
👳 person wearing {turban}
29%
👲 person with {skullcap}
29%
No matching quizzes found
Score Distribution
Percent of People with Each Score
Percentile by Number Answered
Your Score History
You have not taken this quiz